00371nam a2200145Ia 450000500170000000800460001703700290006304000200009204100130011208400210012510000180014624500420016426000090020630000100021520250508151850.0008 250505s9999 xx 000 0 rus d aBooks to be hide in OPAC aFEDLbengcFEDL arus2eng a372, RUS/OqFEDL aKosminoki E A 0aMedival history for class 6th and 7th c1956 a189p.